000 01350cam a22002891 4500
001 gs 07001572
003 DLC
005 20260227111307.0
008 840925s1907 dcuabf f000 0 eng c
010 _ags 07001572
035 _a(OCoLC)11195490
040 _aLibrary, U.S. Geological Survey
_cCLS
_dOCoLC
_dDLC
042 _apremarc
050 0 0 _aTC801
_b.U2 no. 209
051 _aGb1215
_b.U59 no. 63
_cCopy 2
110 2 _aGeological Survey (U.S.)
245 1 0 _aSurface water supply of lower western Mississippi River drainage, 1906.
_cR.I. Meeker and J.M. Giles, district hydrographers.
260 _aWashington,
_bGovt. Print. Off.,
_c1907.
300 _aiv, 79, i, [1] p.
_billus., II pl. (incl. fold. map) diagr.
_c23 cm.
490 0 _aU.S. Geological survey. Water-supply and irrigation paper
_vno. 209
490 0 _aP, Hydrographic progress reports,
_v63
500 _a"This report contains information similar to that published in previous years under the title 'Report on progress of stream measurements'."
501 _aTC801.U2 no. 209 with : Surface water supply of Missouri river drainage, 1906. Washington : Govt. Print. Off., 1907. Bound together subsequent to publication.
_5DLC
650 0 _aWater-supply
_zLower Mississippi River Valley.
700 1 _aMeeker, Ralph Inman,
_d1878-
700 1 _aGiles, James Marvin,
_d1875-
999 _c24697
_d24697